Алиса в Зазеркалье (Запись № 10805556)
[ простой вид ]
| 000 -МАРКЕР | |
|---|---|
| контрольное поле | 01967nam0a2200373 i 4500 |
| 001 - ИДЕНТИФИКАТОР ЗАПИСИ | |
| контрольное поле | RU\NLR\BIBL_A\011267789 |
| 005 - ИДЕНТИФИКАТОР ВЕРСИИ | |
| контрольное поле | 20260406164244.0 |
| 010 ## - МЕЖДУНАРОДНЫЙ СТАНДАРТНЫЙ НОМЕР КНИГИ (ISBN) | |
| Номер (ISBN) | 9785811266197 |
| Тираж | 3000 |
| 021 ## - НОМЕР ГОСУДАРСТВЕННОЙ РЕГИСТРАЦИИ | |
| Код страны | российская федерация |
| Номер | 2016-81479 |
| Номер Листа государственной регистраци | 5319 |
| 035 ## - ДРУГИЕ СИСТЕМНЫЕ НОМЕРА | |
| Идентификатор записи | (NLR Aleph) 011267789 |
| 100 ## - ДАННЫЕ ОБЩЕЙ ОБРАБОТКИ | |
| Данные общей обработки | 20161110d2017 e y0rusy50 ca |
| 101 0# - ЯЗЫК РЕСУРСА | |
| Язык текста, звукозаписи и т.д. | русский |
| -- | английский |
| 102 ## - СТРАНА ПУБЛИКАЦИИ ИЛИ ПРОИЗВОДСТВА | |
| Страна публикации | российская федерация |
| 105 ## - ПОЛЕ КОДИРОВАННЫХ ДАННЫХ: ТЕКСТОВЫЕ МАТЕРИАЛЫ, МОНОГРАФИЧЕСКИЕ | |
| Кодированные данные о монографическом текстовом документе | a j 000ay |
| 200 1# - ЗАГЛАВИЕ И СВЕДЕНИЯ ОБ ОТВЕТСТВЕННОСТИ | |
| Основное заглавие | Алиса в Зазеркалье |
| Сведения, относящиеся к заглавию | [адаптированный текст сказки |
| -- | на английском языке |
| -- | пособие для учащихся 10-11 классов средних школ, лицеев и гимназий] |
| Первые сведения об ответственности | Льюис Кэрролл |
| Последующие сведения об ответственности | адапт. текста, коммент., упражнения, слов. Е. Г. Вороновой |
| -- | [ил.: Т. В. Никитина] |
| 210 ## - ПУБЛИКАЦИЯ, РАСПРОСТРАНЕНИЕ И ДР. | |
| Место издания, распространения и т.д. | Москва |
| Имя издателя, распространителя и т. д. | Айрис пресс |
| Дата издания, распространения и т.д. | 2017 |
| -- | [т.е. 2016] |
| 215 ## - ФИЗИЧЕСКАЯ ХАРАКТЕРИСТИКА | |
| Специфическое обозначение материала и объем | 169, [2] с. |
| Другие сведения о физической характеристике | ил. |
| Размеры | 21 |
| 225 1# - СЕРИЯ | |
| Основное заглавие серии | Английский клуб |
| Наименование части | Intermediate |
| 225 1# - СЕРИЯ | |
| Основное заглавие серии | Домашнее чтение |
| 300 ## - ОБЩИЕ ПРИМЕЧАНИЯ | |
| Текст примечания | На обл. загл. и авт. на англ. яз.: Through the looking-glass and what Alice found there / Lewis Carroll |
| 300 ## - ОБЩИЕ ПРИМЕЧАНИЯ | |
| Текст примечания | Кн. фактически изд. в 2016 г. |
| 333 ## - ПРИМЕЧАНИЯ ОБ ОСОБЕННОСТЯХ РАСПРОСТРАНЕНИЯ И ИСПОЛЬЗОВАНИЯ | |
| Текст примечания | 6+ |
| 517 1# - ДРУГИЕ ВАРИАНТЫ ЗАГЛАВИЯ | |
| Связь между полями | z45790 |
| Вариант заглавия | Through the looking-glass and what Alice found there |
| 606 1# - НАИМЕНОВАНИЕ ТЕМЫ КАК ПРЕДМЕТ | |
| Наименование темы | Английский язык |
| Формальный подзаголовок | Учебные издания для средней школы |
| Системный номер авторитетной/нормативной записи | 972309 |
| Идентификатор авторитетной/нормативной записи | RU\NLR\AUTH\6646032 |
| 686 3# - ИНДЕКСЫ ДРУГИХ КЛАССИФИКАЦИЙ | |
| Индекс | Ш143.21-93рус21[10/11] |
| 700 #1 - ИМЯ ЛИЦА - ПЕРВИЧНАЯ ОТВЕТСТВЕННОСТЬ | |
| Графика поля | Кириллица |
| Материалы, к которым относится поле | rus |
| Начальный элемент ввода | Кэрролл |
| Часть имени, кроме начального элемента ввода | Л. |
| Даты | 1832-1898 |
| Расширение инициалов личного имени | Льюис |
| Идентификатор авторитетной/нормативной записи | RU\NLR\AUTH\7710596 |
| Системный номер авторитетной/нормативной записи | 120364 |
| 702 #1 - ИМЯ ЛИЦА - ВТОРИЧНАЯ ОТВЕТСТВЕННОСТЬ | |
| Код отношения | Автор адаптации |
| -- | Комментатор печатного текста |
| Материалы, к которым относится поле | rus |
| Графика поля | Кириллица |
| Начальный элемент ввода | Воронова |
| Часть имени, кроме начального элемента ввода | Е. Г. |
| Дополнения к именам, кроме дат | филолог |
| Расширение инициалов личного имени | Елена Геннадьевна |
| Идентификатор авторитетной/нормативной записи | RU\NLR\AUTH\7745207 |
| Системный номер авторитетной/нормативной записи | 28146 |
| 702 #1 - ИМЯ ЛИЦА - ВТОРИЧНАЯ ОТВЕТСТВЕННОСТЬ | |
| Начальный элемент ввода | Никитина |
| Часть имени, кроме начального элемента ввода | Т. В. |
| Код отношения | Иллюстратор |
| 790 #1 - ИМЯ ЛИЦА - АЛЬТЕРНАТИВНАЯ ФОРМА | |
| Графика поля | Латинская |
| Материалы, к которым относится поле | eng |
| Начальный элемент ввода | Carroll |
| Часть имени, кроме начального элемента ввода | L. |
| Даты | 1832-1898 |
| Расширение инициалов личного имени | Lewis |
| Идентификатор авторитетной/нормативной записи | RU\NLR\AUTH\7751710 |
| Системный номер авторитетной/нормативной записи | 34643 |
| 942 ## - ДОПОЛНИТЕЛЬНЫЕ ЭЛЕМЕНТЫ ЗАПИСИ (АБИС) | |
| Тип экземпляра АБИС | Книга |
| 980 ## - КОЛЛЕКЦИЯ | |
| Название коллекции | НБР |
Нет доступных экземпляров.